Dištančné vzdelávanie ako forma alternatívnej výučby

Informatistické školstvo v dištančnom vzdelávaní. Negatíva dištančného vzdelávania. Získané praktické skúsenosti z práce so študentmi. Postavenie učiteľa v informatistickej škole. Využitie rozvojových projektov. Efektívnosť výučby alternatívnych škôl. Zložitá príprava edukačného materiálu pre rôznor...

Descripción completa

Guardado en:
Detalles Bibliográficos
Autor principal: Pätoprstá, Jana
Formato: Capítulo de libro
Lenguaje:eslovaco
Materias:
Etiquetas: Agregar Etiqueta
Sin Etiquetas, Sea el primero en etiquetar este registro!

MARC

LEADER 00000nla a2200000 4500
001 0208977
005 20240502073454.4
041 0 |a slo 
044 |a SK 
245 1 0 |a Dištančné vzdelávanie ako forma alternatívnej výučby  |c Jana Pätoprstá 
520 |a Informatistické školstvo v dištančnom vzdelávaní. Negatíva dištančného vzdelávania. Získané praktické skúsenosti z práce so študentmi. Postavenie učiteľa v informatistickej škole. Využitie rozvojových projektov. Efektívnosť výučby alternatívnych škôl. Zložitá príprava edukačného materiálu pre rôznorodých študentov. 
610 2 0 |a vzdelávanie dištančné 
610 2 0 |a vzdelávanie elektronické 
610 2 0 |a počítače 
610 2 0 |a internet 
610 2 0 |a študenti 
610 2 0 |a učitelia 
610 2 0 |a vyučovanie 
100 1 |a Pätoprstá, Jana